• 首页
  • 本馆介绍
  • 公告通知
  • 最新文献
  • 馆藏检索
  • 电子资源
  • 读者导购
  • 参考咨询
  • 我的图书馆
  • 登录
  • 详细信息显示
  • 放入我的书架
  • 预约/预借图书
  • 作者相关作品
  • 分类相关作品
  • 丛书相关作品
  • 出版社相关作品

书目信息

  • 表格格式
  • 工作单格式
  • 卡片格式
题名:
中国小学生作文大全
    
 
作者:
分册:  
出版信息: 四川   四川辞书出版社  不详
页数: 246页
开本: 19cm
丛书名:
单 册:
中图分类: H194.4
科图分类: 41.27
主题词: 作文--小学--选集
电子资源:
ISBN: 7-80543-468-9
000 00659nam0 2200229 45
001 0195002127
005 20070723165006.60
010    @a7-80543-468-9@dCNY10.98
100    @a19931216d em y0chiy0121 ea
101 0  @achi
102    @aCN@b510000
105    @ay z 000yy
200 10 @a中国小学生作文大全@AZHONG GUO XIAO XUE SHENG ZUO WEN DA QUAN
210    @a四川@c四川辞书出版社@d不详
210    @a成都@c四川辞书出版社
215    @a246页@d19cm
540 1  @a小学生 作文 大全@AXIAO XUE SHENG ZUO WEN DA QUAN
606    @a作文@x小学@x选集
690    @aH194.4@v三版
692    @a41.27
801  0 @aCN@bTSSF@c20070723
905    @a10447@dH194.4@e267
    
    中国小学生作文大全.-四川:四川辞书出版社,不详.-成都:四川辞书出版社
    246页;19cm
    
    
    ISBN 7-80543-468-9:CNY10.98
    
●
相关链接 在E读中查询图书 在五车中查询图书 在当当中查询图书 在豆瓣中查询图书


正题名:中国小学生作文大全     索取号:H194.4/267         预约/预借

序号 登录号 条形码 馆藏地/架位号 状态 备注
1 0769935   207699356   第二样本阅览室/ [索取号:H194.4/267] 在馆    
唐山师范学院图书馆 欢迎您!
大连网信软件有限公司© 版权所有